Handbook on cosmetic industries : (Record no. 136946)

MARC details
000 -LEADER
fixed length control field 00623nam a2200205 4500
010 ## - LIBRARY OF CONGRESS CONTROL NUMBER
LC control number A-574311
020 ## - INTERNATIONAL STANDARD BOOK NUMBER
International Standard Book Number 8185480575
Terms of availability 300.00
035 ## - SYSTEM CONTROL NUMBER
System control number A-574311
037 ## - SOURCE OF ACQUISITION
Source of stock number/acquisition Cen Lib / Ret
040 ## - CATALOGING SOURCE
Original cataloging agency DPL
Language of cataloging EN
082 ## - DEWEY DECIMAL CLASSIFICATION NUMBER
Classification number 338.4764672
Item number SIR
110 ## - MAIN ENTRY--CORPORATE NAME
Subordinate unit SIRI
245 ## - TITLE STATEMENT
Title Handbook on cosmetic industries :
Remainder of title Herbal and synthetic /
Statement of responsibility, etc by SIRI Board
260 ## - PUBLICATION, DISTRIBUTION, ETC. (IMPRINT)
Place of publication, distribution, etc Delhi
Name of publisher, distributor, etc Small Industry Research Institute
270 ## - ADDRESS
Address Small Industry Research Institute
City Delhi
Postal code 110007
300 ## - PHYSICAL DESCRIPTION
Extent 320p ;
Other physical details 27cm(Hb)
650 ## - SUBJECT ADDED ENTRY--TOPICAL TERM
Topical term or geographic name as entry element Cosmetics
650 ## - SUBJECT ADDED ENTRY--TOPICAL TERM
Topical term or geographic name as entry element Cosmetics -- Labeling
942 ## - ADDED ENTRY ELEMENTS (KOHA)
Source of classification or shelving scheme Dewey Decimal Classification
Koha item type English Books
Classification part 338.4764672
Call number suffix SIR
Holdings
Withdrawn status Lost status Damaged status Not for loan Home library Current library Date acquired Source of acquisition Cost, normal purchase price Total Checkouts Full call number Barcode Date last seen Copy number Cost, replacement price Price effective from Koha item type
        Central Library Central Library 12/03/2016 Cen Lib/Ret 300.00   338.4764672 SIR A-574311 12/03/2016 1 300.00 12/03/2016 English Books

© Delhi Public Library
Hit Counter
free hit counter